Normal view
MARC view
Entry Topical Term
001 - CONTROL NUMBER
- control field: 35980
003 - CONTROL NUMBER IDENTIFIER
- control field: OSt
005 - DATE AND TIME OF LATEST TRANSACTION
- control field: 20230227120811.0
008 - FIXED-LENGTH DATA ELEMENTS
- fixed length control field: 230227|| aca||aabn | a|a d
040 ## - CATALOGING SOURCE
- Original cataloging agency: OSt
- Transcribing agency: OSt
150 ## - HEADING--TOPICAL TERM
- Topical term or geographic name entry element: Migration, Remittances, Poverty, Spending patterns, Occupational choice, CBPS, IVPROBIT, IVTOBIT.
670 ## - SOURCE DATA FOUND
- Source citation: Work cat.: (OSt): Dey, Sagarika and Laskar,Hussain Ahmed 35979, Internal remittances, household welfare, spending patterns and labour supply: A study from rural areas of Hailakhandi district of South Assam
